000 01240nam a2200241Ia 4500
999 _c39651
_d39651
001 6252
003 GE_BSU
005 20190930155819.0
008 181216s||||||||xx |||||||||||||| ||und||
040 _cGE_BSU
041 _ageo
080 _a82-93:821.353.1-1 გ-30
100 _aგურამიშვილი,დავით.
_94397
245 _aისმინე სწავლის მძებნელო : ლექსები,აფორიზმები,სასკოლო ასაკის ბავშვთათვის /
_cდავით გურამიშვილი ; რედ : ლ.გრიგოლაშვილი ; მხატვ : ლ. ცუცქირიძე.
264 _aთბილისი :
_bუნ-ტის, გამ-ბა,
_c1980.
300 _a34 გვ .:
_c22 სმ.
653 _aისმინე სწავლის მძებნელო
653 _aსწავლა
653 _aქართული ლიტერატურა
700 _aგრიგოლაშვილი, ლევან
_eრედაქტორი
_94398
700 _aცუცქირიძე , ლ
_eმხატვარი
_94399
942 _cBK
_2udc